Christian-Muslim relations : (Record no. 60303)
[ view plain ]
| 000 -LEADER | |
|---|---|
| fixed length control field | 01269cam a2200361 i 4500 |
| 001 - CONTROL NUMBER | |
| control field | 15824112 |
| 003 - CONTROL NUMBER IDENTIFIER | |
| control field | OSt |
| 005 - DATE AND TIME OF LATEST TRANSACTION | |
| control field | 20260330100106.0 |
| 008 - FIXED-LENGTH DATA ELEMENTS--GENERAL INFORMATION | |
| fixed length control field | 090720m20099999ne a b 001 0 eng |
| 010 ## - LIBRARY OF CONGRESS CONTROL NUMBER | |
| LC control number | 2009029184 |
| 020 ## - INTERNATIONAL STANDARD BOOK NUMBER | |
| International Standard Book Number | 9789004471672 |
| 035 ## - SYSTEM CONTROL NUMBER | |
| System control number | 15824112 |
| 040 ## - CATALOGING SOURCE | |
| Original cataloging agency | DLC |
| Language of cataloging | eng |
| Description conventions | rda |
| Transcribing agency | DLC |
| Modifying agency | DLC |
| 042 ## - AUTHENTICATION CODE | |
| Authentication code | pcc |
| 050 00 - LIBRARY OF CONGRESS CALL NUMBER | |
| Classification number | BP172 |
| Item number | .C47 2022 |
| 082 00 - DEWEY DECIMAL CLASSIFICATION NUMBER | |
| Classification number | 016.2612/7 |
| Edition number | 22 |
| 245 00 - TITLE STATEMENT | |
| Title | Christian-Muslim relations : |
| Remainder of title | a bibliographical history; volume 19. Sub-Saharan Africa and Latin America (1800-1914) / |
| 260 ## - PUBLICATION, DISTRIBUTION, ETC. (IMPRINT) | |
| Place of publication, distribution, etc | Boston; |
| Name of publisher, distributor, etc | Brill, |
| Date of publication, distribution, etc | 2022 |
| 300 ## - PHYSICAL DESCRIPTION | |
| Extent | xvi,611p. : |
| Other physical details | illustrations ; |
| Dimensions | 25 cm. |
| 504 ## - BIBLIOGRAPHY, ETC. NOTE | |
| Bibliography, etc | Includes bibliographical references and indexes. |
| 650 #0 - SUBJECT ADDED ENTRY--TOPICAL TERM | |
| Topical term or geographic name as entry element | Christianity and other religions |
| General subdivision | Islam. |
| 650 #0 - SUBJECT ADDED ENTRY--TOPICAL TERM | |
| Topical term or geographic name as entry element | Islam |
| General subdivision | Relations |
| -- | Christianity. |
| 650 #0 - SUBJECT ADDED ENTRY--TOPICAL TERM | |
| Topical term or geographic name as entry element | Christianity and other religions |
| General subdivision | Islam |
| Form subdivision | Bibliography. |
| 650 #0 - SUBJECT ADDED ENTRY--TOPICAL TERM | |
| Topical term or geographic name as entry element | Islam |
| General subdivision | Relations |
| -- | Christianity |
| Form subdivision | Bibliography. |
| 655 #7 - INDEX TERM--GENRE/FORM | |
| Genre/form data or focus term | Bibliographies. |
| Source of term | lcgft |
| 700 1# - ADDED ENTRY--PERSONAL NAME | |
| Personal name | Thomas, David |
| Fuller form of name | (David Richard), |
| Dates associated with a name | 1948- |
| 700 1# - ADDED ENTRY--PERSONAL NAME | |
| Personal name | Roggema, Barbara. |
| 700 1# - ADDED ENTRY--PERSONAL NAME | |
| Personal name | Monferrer Sala, Juan Pedro. |
| 700 1# - ADDED ENTRY--PERSONAL NAME | |
| Personal name | Chesworth, John |
| Fuller form of name | (John A.) |
| 906 ## - LOCAL DATA ELEMENT F, LDF (RLIN) | |
| a | 7 |
| b | cbc |
| c | orignew |
| d | 1 |
| e | ecip |
| f | 20 |
| g | y-gencatlg |
| 942 ## - ADDED ENTRY ELEMENTS (KOHA) | |
| Source of classification or shelving scheme | Library of Congress Classification |
| Item type | Book |
| Withdrawn status | Lost status | Source of classification or shelving scheme | Damaged status | Not for loan | Collection code | Home library | Current library | Shelving location | Date acquired | Source of acquisition | Total Checkouts | Full call number | Barcode | Date last seen | Copy number | Price effective from | Koha item type |
|---|---|---|---|---|---|---|---|---|---|---|---|---|---|---|---|---|---|
| Library of Congress Classification | Non-fiction | Bishop Okullu Memorial Library (Limuru Campus) | Bishop Okullu Memorial Library (Limuru Campus) | Processing Center | 30/03/2026 | donation | REF BP172 .C47 2022 | 073265 | 30/03/2026 | 1 | 30/03/2026 | Book |